| 000 | 01521nam a2200277Ia 4500 | ||
|---|---|---|---|
| 003 | Ost | ||
| 005 | 20260507075227.0 | ||
| 008 | 260507s9999||||xx |||||||||||||| ||und|| | ||
| 020 | _a65012499579 | ||
| 040 | _cfsecg | ||
| 041 | _aara | ||
| 082 | _a330 | ||
| 100 |
_aطالب، علاء فرحان _eمؤلف |
||
| 245 | 0 |
_aالمزيج التسويقي المصرفي و أثره في الصورة المدركة للزبائن / _c علاء فرحان طالب |
|
| 260 |
_aعمان: _bدار صفاء, _c2009 |
||
| 300 |
_a264 صفحة؛ _bإيضاحات ؛ _c24 سم |
||
| 504 | _aمراجع ص.247 ؛ملاحق ص.237 | ||
| 520 | _aمفهوم تسويق الخدمات المصرفية و أهميته ، المزيج التسويقي المصرفي ، الصورة المدركة لدى الزبائن ، وصف و تشخيص متغيرات المزيج التسويقي المصرفي و متغيرات الصورة المدركة ، اختبار فرضيات التباين للمصارف في تبني متغيرات الدراسة ، اختبار فرضيات الارتباط و فرضيات الاتجاه بين متغيرات الدراسة ، الاستنتاجات و التوصيات. | ||
| 653 | _aأدارة المبيعات | ||
| 653 | _aالبنوك | ||
| 653 | _aالتسويق | ||
| 653 | _aالخدمات المصرفية | ||
| 700 |
_a العطار، فؤادي حمودي _eمؤلف ثانوي |
||
| 700 |
_aشياع، حسام حسين _eمؤلف ثانوي |
||
| 942 | _cكتاب | ||
| 999 |
_c43544 _d43544 |
||